Sưu tập về Nguyễn Thái Bình /

Saved in:
Bibliographic Details
Main Author: Huỳnh Ngọc Trảng
Other Authors: Cao Tự Thanh
Format: Book (Paper)
Language:Vietnamese
Published: Long An : Ty Văn hoá Thông tin , 1984
Tags: Add Tag
No Tags, Be the first to tag this record!
Institutions: Thư viện Trường Đại học Đà Lạt
LEADER 00655nam a2200265 4500
001 DLU020011552
005 ##5/15/2000
020 # # |a 978- 
041 # # |a vie 
082 # # |a 923.2  |b HU-T 
090 # # |a 923.2  |b HU-T 
100 # # |a Huỳnh Ngọc Trảng 
245 # # |a Sưu tập về Nguyễn Thái Bình /  |c Huỳnh Ngọc Trảng, Cao Tự Thanh 
260 # # |a Long An :  |b Ty Văn hoá Thông tin ,  |c 1984 
300 # # |a 291 tr.;   |c 21 cm. 
700 # # |a Cao Tự Thanh 
992 # # |a 2098 
994 # # |a DLU 
900 # # |a False 
911 # # |a Administrator 
925 # # |a G 
926 # # |a A 
927 # # |a SH 
980 # # |a Thư viện Trường Đại học Đà Lạt